[Event "Superettan(Kamraterna-Orgryte)"]
[Site "?"]
[Date "2023.02.25"]
[Round "6"]
[White "Vitenberg, Noam Aviv"]
[Black "Hamark, Jesper"]
[Result "1/2-1/2"]
[WhiteElo "2308"]
[BlackElo "2344"]
[PlyCount "88"]
[SourceVersionDate "2023.03.04"]

1. d4 Nf6 2. c4 g6 3. Nc3 Bg7 4. e4 d6 5. Nf3 O-O 6. Be2 e5 7. Be3 exd4 8. Nxd4
Re8 9. f3 c6 10. O-O d5 11. cxd5 Nxd5 12. Nxd5 cxd5 13. Qb3 Nc6 14. Rad1 Nxd4
15. Bxd4 Bxd4+ 16. Rxd4 Qf6 17. Rdd1 Be6 18. exd5 Bxd5 19. Qxd5 Rxe2 20. Qxb7
Rae8 21. Qxa7 Qxb2 22. Rf2 Re1+ 23. Rxe1 Rxe1+ 24. Rf1 Re2 25. Rf2 Qa1+ 26. Rf1
Qxa2 27. Qxa2 Rxa2 28. Rb1 Kg7 29. Rb6 h5 30. Rc6 h4 31. h3 Ra4 32. Rb6 g5 33.
Rc6 f6 34. Rb6 Kg6 35. Rb5 Ra1+ 36. Kf2 Ra2+ 37. Kg1 Rc2 38. Ra5 Rb2 39. Kf1
Rc2 40. Kg1 Rb2 41. Kf1 Rc2 42. Kg1 Rb2 43. Kf1 Rc2 44. Kg1 Rb2 1/2-1/2

[Event "Superettan(Kamraterna-Orgryte)"]
[Site "?"]
[Date "2023.02.25"]
[Round "6"]
[White "Svenn, Gosta"]
[Black "Kumar, Rahul"]
[Result "0-1"]
[WhiteElo "2269"]
[BlackElo "2212"]
[PlyCount "102"]
[SourceVersionDate "2023.03.04"]

1. d4 d6 2. c4 g6 3. Nf3 Bg7 4. Nc3 Bg4 5. e3 Nc6 6. Be2 e5 7. d5 Nce7 8. e4 h6
9. O-O f5 10. Qa4+ Kf7 11. c5 Nf6 12. cxd6 cxd6 13. Be3 b5 14. Qb3 Kg8 15. exf5
Nxf5 16. Nxb5 a6 17. Na7 Rxa7 18. Bxa7 e4 19. Qb6 Qe7 20. Rfe1 Kh7 21. Bxa6
Bxf3 22. Qb7 Qe5 23. gxf3 Nh4 24. f4 Nf3+ 25. Kf1 Nxh2+ 26. Ke2 Qh5+ 27. Kd2
Nf3+ 28. Kc2 Qf5 29. Re3 Nxd5 30. Rd1 Nxe3+ 31. Bxe3 Qf6 32. Qb6 Rd8 33. Bb7
Rb8 34. Rd5 Qf7 35. Rb5 Qc4+ 36. Kb1 Qd3+ 37. Kc1 Qf1+ 38. Kc2 Qe2+ 39. Kb3
Qxb2+ 40. Kc4 Qxa2+ 41. Rb3 Qc2+ 42. Kd5 Rf8 43. Bc6 Rf5+ 44. Ke6 Qc4+ 45. Kd7
Qf7+ 46. Kc8 Qe6+ 47. Kb7 d5 48. Bc5 d4 49. Rb4 Rxf4 50. Ka6 d3 51. Qc7 Rf7 0-1

[Event "Superettan(Kamraterna-Orgryte)"]
[Site "?"]
[Date "2023.02.25"]
[Round "6"]
[White "Torngren, Gustav"]
[Black "Svensson, Bengt"]
[Result "1/2-1/2"]
[WhiteElo "2257"]
[BlackElo "2317"]
[PlyCount "59"]
[SourceVersionDate "2023.03.04"]

1. c4 c6 2. Nf3 d5 3. d4 Nf6 4. Nbd2 Bf5 5. Nh4 Be6 6. e3 g6 7. b3 Bg7 8. Bb2
O-O 9. Be2 c5 10. dxc5 Qa5 11. O-O Qxc5 12. Rc1 Nc6 13. cxd5 Qxd5 14. Bf3 Qa5
15. Bc3 Qb6 16. Bxc6 bxc6 17. Nhf3 Rfd8 18. Qc2 Bf5 19. Qb2 Bd3 20. Rfe1 c5 21.
e4 Bh6 22. Rcd1 Qa6 23. Ne5 Bxe4 24. Nxe4 Rxd1 25. Nxf6+ exf6 26. Rxd1 fxe5 27.
Bxe5 Re8 28. h3 Qe6 29. Bc3 Qf5 30. Bf6 1/2-1/2

[Event "Superettan(Kamraterna-Orgryte)"]
[Site "?"]
[Date "2023.02.25"]
[Round "6"]
[White "Olausson, Claes-Goran"]
[Black "Troberg Eskola, Love"]
[Result "0-1"]
[WhiteElo "2253"]
[BlackElo "2010"]
[PlyCount "132"]
[SourceVersionDate "2023.03.04"]

1. Nf3 g6 2. c4 Bg7 3. g3 e5 4. Nc3 Nc6 5. Bg2 d6 6. d3 Nge7 7. Rb1 a5 8. a3 f5
9. Qc2 Nd4 10. Nxd4 exd4 11. Nd5 Nxd5 12. cxd5 a4 13. b4 axb3 14. Rxb3 b6 15.
Rb4 Bb7 16. Rc4 Kd7 17. O-O Ra5 18. Bd2 Rc5 19. Rxc5 dxc5 20. Qa4+ Kc8 21. Qc4
Re8 22. e4 dxe3 23. fxe3 Bh6 24. d4 cxd4 25. Qxd4 Qe7 26. Rc1 Kb8 27. Kf2 Qxa3
28. Ra1 Qe7 29. Ra2 Qe5 30. Qd3 Qd6 31. Qd4 Qe7 32. Bf3 Bg5 33. Bc1 Qe5 34. Qd3
h5 35. Ra3 Be7 36. Rb3 Bd6 37. Bb2 Qe7 38. Ba3 h4 39. Bxd6 Qxd6 40. Qd4 hxg3+
41. hxg3 Rd8 42. Rd3 Qe7 43. Bg2 Rd6 44. Qh8+ Qd8 45. Qe5 b5 46. Qb2 Rb6 47.
Rd4 Qf6 48. Qb4 Qd6 49. Qa5 b4 50. Rh4 b3 51. Rh8+ Bc8 52. Rh1 b2 53. Rb1 Qe5
54. Qa3 g5 55. d6 c6 56. Bxc6 Rxc6 57. Rxb2+ Bb7 58. d7 Qd6 59. Qb3 Qxd7 60.
Qg8+ Qc8 61. Qxg5 Rc2+ 62. Rxc2 Qxc2+ 63. Ke1 Qc3+ 64. Ke2 Qc2+ 65. Ke1 Qc1+
66. Ke2 Ba6+ 0-1

[Event "Superettan(Kamraterna-Orgryte)"]
[Site "?"]
[Date "2023.02.25"]
[Round "6"]
[White "Arnelind, Mikael"]
[Black "Svenn, Matti"]
[Result "1/2-1/2"]
[WhiteElo "2195"]
[BlackElo "2170"]
[PlyCount "87"]
[SourceVersionDate "2023.03.04"]

1. d4 Nf6 2. c4 c5 3. d5 a6 4. g3 b5 5. Bg2 Bb7 6. e4 d6 7. Ne2 g6 8. O-O Bg7
9. a4 bxa4 10. Rxa4 Nbd7 11. Bd2 O-O 12. Ba5 Qb8 13. Qc2 Bc8 14. Ra3 Ra7 15.
Nd2 Rb7 16. b3 Ne8 17. h3 Nb6 18. Kh2 e6 19. Nf4 exd5 20. exd5 Re7 21. Bc3 Nd7
22. Bxg7 Nxg7 23. Raa1 Rfe8 24. Nf3 Ne5 25. Qc3 Nf5 26. Nxe5 Rxe5 27. Nd3 Re2
28. b4 cxb4 29. Qxb4 Qc7 30. Nf4 Rc2 31. Rac1 Rxc1 32. Rxc1 a5 33. Qa3 Bd7 34.
c5 dxc5 35. Rxc5 Qe5 36. Rxa5 h5 37. Ra8 h4 38. Rxe8+ Bxe8 39. Qf3 hxg3+ 40.
fxg3 Bd7 41. Nd3 Qd4 42. Nf4 Qe5 43. Nd3 Qd4 44. Nf4 1/2-1/2

[Event "Superettan(Kamraterna-Orgryte)"]
[Site "?"]
[Date "2023.02.25"]
[Round "6"]
[White "Madebrink, Lars"]
[Black "Anderzen, Robert"]
[Result "0-1"]
[WhiteElo "2138"]
[BlackElo "2100"]
[PlyCount "72"]
[SourceVersionDate "2023.03.04"]

1. d4 Nf6 2. Nf3 g6 3. g3 Bg7 4. Bg2 O-O 5. O-O d6 6. c4 Nc6 7. Nc3 a6 8. h3
Rb8 9. Be3 b5 10. Nd2 Bd7 11. Rc1 b4 12. Nce4 Nxe4 13. Nxe4 e5 14. dxe5 Bxe5
15. Qd2 f5 16. Ng5 Qf6 17. c5 Ne7 18. cxd6 cxd6 19. Rc7 Rbd8 20. Nf3 f4 21.
gxf4 Bxb2 22. Nd4 Bc3 23. Qd3 d5 24. Rc5 Qd6 25. Nb3 Bb5 26. Qc2 d4 27. Rd1 Qf6
28. Bc1 Nf5 29. Rd5 Rde8 30. Be4 Rxe4 31. Qxe4 Bc6 32. Rxf5 gxf5 33. Qd3 Kh8
34. Kh2 Be4 35. Qc4 Rg8 36. Qc7 Rg2+ 0-1

[Event "Superettan(Rockad,SthlmII-SS4Springare)"]
[Site "?"]
[Date "2023.02.25"]
[Round "6"]
[White "Sivuk, Vitalii"]
[Black "Crevatin, Leo"]
[Result "1-0"]
[WhiteElo "2527"]
[BlackElo "2313"]
[PlyCount "77"]
[EventDate "2023.??.??"]
[SourceVersionDate "2023.03.04"]

1. c4 e6 2. d4 d5 3. Nf3 Nf6 4. Bg5 h6 5. Bxf6 Qxf6 6. Nc3 c6 7. e3 Nd7 8. Bd3
dxc4 9. Bxc4 g6 10. e4 e5 11. O-O Bg7 12. d5 Nb6 13. Be2 O-O 14. a4 a5 15. Qb3
cxd5 16. exd5 Bf5 17. Nd2 e4 18. Rad1 Rfe8 19. Bb5 Re5 20. Rfe1 Qe7 21. d6 Qxd6
22. Nc4 Qe6 23. Rd6 Rxb5 24. Qxb5 Qxc4 25. Rxb6 Qd3 26. Rxb7 Bxc3 27. Qb3 Be6
28. Qxc3 Qd8 29. Rb5 Bd7 30. Rd5 Qe8 31. b3 Rc8 32. Qxa5 e3 33. Rc5 Ra8 34.
Rxe3 Be6 35. Qc3 Rd8 36. Re1 Qd7 37. a5 Bd5 38. h3 Qb7 39. Rd1 1-0

[Event "Superettan(Vasteras II-Upsala)"]
[Site "?"]
[Date "2023.02.25"]
[Round "6"]
[White "Wagner, Stephan"]
[Black "Kretz, Johan"]
[Result "1-0"]
[WhiteElo "2254"]
[BlackElo "2179"]
[PlyCount "107"]
[SourceVersionDate "2023.03.27"]

1. c4 e6 2. g3 Nf6 3. Bg2 d5 4. Nf3 Be7 5. O-O O-O 6. b3 a5 7. Nc3 d4 8. Nb5 c5
9. e3 Nc6 10. exd4 cxd4 11. d3 Nd7 12. Re1 e5 13. Ba3 Bb4 14. Bxb4 axb4 15. Qd2
Nc5 16. Ng5 Bf5 17. Ne4 Nxe4 18. Bxe4 Bxe4 19. Rxe4 f5 20. Ree1 e4 21. dxe4 Ne5
22. Kg2 fxe4 23. Rxe4 Nf3 24. Qxb4 Qf6 25. Qd6 Ne1+ 26. Raxe1 Qxf2+ 27. Kh3
Rxa2 28. Qe6+ Kh8 29. R4e2 Rxe2 30. Qxe2 Qf5+ 31. Kg2 d3 32. Qe3 d2 33. Qxd2
Qf3+ 34. Kg1 Qxb3 35. Qd4 h6 36. Nd6 Qf3 37. c5 Qc6 38. Ne4 Ra8 39. Qd6 Qe8 40.
Qd2 Qc6 41. Qd4 Re8 42. Re2 Qa6 43. Rf2 Qb5 44. Nd2 Re1+ 45. Rf1 Re8 46. Rf7
Ra8 47. Rd7 Qe2 48. Rxb7 Qd1+ 49. Kg2 Qc2 50. Rd7 Qg6 51. Rd8+ Rxd8 52. Qxd8+
Kh7 53. Qd5 Qa6 54. Qc4 1-0

[Event "Superettan(Rockad,SthlmII-SS4Springare)"]
[Site "?"]
[Date "2023.02.25"]
[Round "6"]
[White "Berovski, Krum"]
[Black "Galperin, Platon"]
[Result "0-1"]
[WhiteElo "2351"]
[BlackElo "2534"]
[PlyCount "80"]
[SourceVersionDate "2023.03.04"]

1. d4 Nf6 2. c4 g6 3. Nc3 Bg7 4. e4 d6 5. Nf3 O-O 6. Be2 Na6 7. O-O e5 8. d5
Nc5 9. Qc2 a5 10. Ne1 Nfd7 11. g3 Nb8 12. f3 h5 13. Ng2 Bh3 14. Be3 Nbd7 15.
Qd2 f5 16. exf5 gxf5 17. f4 h4 18. Nxh4 Bxf1 19. Rxf1 exf4 20. Rxf4 Bh6 21.
Rxf5 Bxe3+ 22. Qxe3 Rxf5 23. Nxf5 Qf6 24. g4 Kf8 25. Ng3 Re8 26. Qf2 Qxf2+ 27.
Kxf2 Ne5 28. b3 a4 29. Nb5 c6 30. dxc6 bxc6 31. Nxd6 Ned3+ 32. Kf1 Rd8 33. Nde4
a3 34. Bf3 Nxe4 35. Nxe4 Nb4 36. Ke2 Nxa2 37. h4 Kg7 38. Bg2 Nb4 39. g5 Rd6 40.
h5 a2 0-1

[Event "Superettan(Vasteras II-Upsala)"]
[Site "?"]
[Date "2023.02.25"]
[Round "6"]
[White "Eriksson, Anders"]
[Black "Burwick, Malte"]
[Result "1/2-1/2"]
[WhiteElo "2166"]
[BlackElo "2207"]
[PlyCount "32"]
[SourceVersionDate "2023.03.27"]

1. Nf3 g6 2. g3 Bg7 3. d4 d6 4. c4 Nd7 5. Bg2 e5 6. Nc3 Ne7 7. O-O O-O 8. e4 h6
9. Rb1 f5 10. dxe5 dxe5 11. b4 f4 12. c5 g5 13. Bh3 a6 14. Nd5 Nf6 15. Nxf6+
Bxf6 16. Qxd8 Rxd8 1/2-1/2

[Event "Superettan(Burgsvik-Vasteras II)"]
[Site "?"]
[Date "2023.01.22"]
[Round "5"]
[White "Nordebrink, Johan"]
[Black "Larsson, Victor"]
[Result "0-1"]
[WhiteElo "2090"]
[BlackElo "2181"]
[PlyCount "36"]
[SourceVersionDate "2023.02.11"]

1. e4 c5 2. c3 d5 3. exd5 Qxd5 4. d4 Nc6 5. dxc5 Qxd1+ 6. Kxd1 Nf6 7. b4 g6 8.
Kc2 Bf5+ 9. Kb3 Bg7 10. Ne2 Be6+ 11. Ka4 b5+ 12. Kxb5 a5 13. Nf4 Bd7 14. Kc4
axb4 15. Bb2 Ne4 16. f3 bxc3 17. Nxc3 Nxc3 18. Bxc3 Ra4+ 0-1

[Event "Superettan(Orebro-Kamraterna)"]
[Site "?"]
[Date "2023.01.22"]
[Round "5"]
[White "Svenn, Gosta"]
[Black "Backe, Peter"]
[Result "1-0"]
[WhiteElo "2269"]
[BlackElo "2228"]
[PlyCount "131"]
[SourceVersionDate "2023.02.12"]

1. d4 Nf6 2. c4 e6 3. Nf3 b6 4. g3 Bb4+ 5. Bd2 a5 6. Bg2 O-O 7. Ne5 Ra7 8. O-O
d6 9. Nd3 Bxd2 10. Qxd2 c5 11. dxc5 bxc5 12. Nc3 Ba6 13. b3 Qb6 14. Rfd1 Rd7
15. Qf4 e5 16. Qd2 Bb7 17. Nb2 Bxg2 18. Kxg2 Nc6 19. Nd5 Qd8 20. Na4 Nxd5 21.
Qxd5 Ne7 22. Qf3 f5 23. Rd2 e4 24. Qe3 Qc7 25. Rad1 Rfd8 26. Nc3 Qc6 27. Nd5
Ng6 28. Qg5 Rf8 29. h4 Qb7 30. h5 Ne5 31. h6 Kh8 32. Ne3 f4 33. gxf4 gxh6 34.
Qxh6 Rg7+ 35. Kh2 Qf7 36. Rxd6 Ng4+ 37. Nxg4 Rxg4 38. Qxf8+ Qxf8 39. Rd8 Rxf4
40. Rxf8+ Rxf8 41. Kg3 a4 42. Rd5 axb3 43. axb3 Rb8 44. Rxc5 Rxb3+ 45. Kf4 Rb2
46. Ke3 Rc2 47. Rc7 Kg8 48. Re7 Rxc4 49. Rxe4 Rc7 50. Re5 Kf7 51. f4 Kf6 52.
Kf3 Rc1 53. Rh5 Kg6 54. Rg5+ Kf6 55. e3 Ra1 56. Rb5 Ra3 57. Rb6+ Kf7 58. f5 Ra1
59. Kf4 h5 60. Kg5 Ra4 61. Rb7+ Kf8 62. Kg6 h4 63. Rb8+ Ke7 64. f6+ Ke6 65.
Re8+ Kd7 66. f7 1-0

[Event "Superettan(Burgsvik-Vasteras II)"]
[Site "?"]
[Date "2023.01.22"]
[Round "5"]
[White "Haitin, Ilja"]
[Black "Backman, Andreas"]
[Result "0-1"]
[WhiteElo "2337"]
[BlackElo "2121"]
[PlyCount "116"]
[SourceVersionDate "2023.02.11"]

1. Nf3 g6 2. e4 Bg7 3. d4 d6 4. c3 c6 5. Bd3 Nf6 6. O-O O-O 7. Re1 Bg4 8. Nbd2
e5 9. h3 Bxf3 10. Nxf3 Nbd7 11. a4 Re8 12. Qc2 Qc7 13. a5 d5 14. exd5 Nxd5 15.
dxe5 Nxe5 16. Nxe5 Bxe5 17. Bd2 Bf4 18. a6 b6 19. Be4 Bxd2 20. Qxd2 Nf6 21. Bf3
Rxe1+ 22. Rxe1 Rd8 23. Qg5 Kg7 24. Qe5 Qc8 25. Ra1 c5 26. Bb7 Qe6 27. Qxe6 fxe6
28. Re1 Kf7 29. Re2 Rd1+ 30. Kh2 Ke7 31. Bc6 Rd6 32. Bb5 Nd5 33. Re4 Nc7 34.
Be2 Kf6 35. Rc4 Rd2 36. Rf4+ Kg7 37. Re4 Rxb2 38. f4 Kf7 39. Bc4 b5 40. Be2
Nxa6 41. Bg4 Nc7 42. Re5 c4 43. Rc5 Nd5 44. Rc6 Nxf4 45. Kg3 h5 46. Kxf4 hxg4
47. hxg4 Ke7 48. Ra6 Rxg2 49. Ra5 Kf6 50. Rxb5 g5+ 51. Kf3 Rc2 52. Ra5 Rxc3+
53. Kf2 Rb3 54. Rxa7 Ke5 55. Ra5+ Kf4 56. Rc5 Rc3 57. Ke2 Re3+ 58. Kf2 Re4 0-1

[Event "Superettan(Orebro-Kamraterna)"]
[Site "?"]
[Date "2023.01.22"]
[Round "5"]
[White "Nygren, Kim"]
[Black "Svensson, Bengt"]
[Result "0-1"]
[WhiteElo "2206"]
[BlackElo "2317"]
[PlyCount "68"]
[SourceVersionDate "2023.02.12"]

1. e4 c5 2. Nf3 d6 3. d4 cxd4 4. Nxd4 Nf6 5. Nc3 a6 6. Bg5 e6 7. f4 Nbd7 8. Qf3
Qc7 9. O-O-O b5 10. Bd3 Bb7 11. Rhe1 Qb6 12. Nd5 Qxd4 13. Bxb5 Qc5 14. b4 Qc8
15. Nb6 Qc7 16. Nxa8 Bxa8 17. Bxa6 Be7 18. Qd3 h6 19. Bh4 g5 20. fxg5 Ne5 21.
Qb5+ Nfd7 22. Bf2 hxg5 23. h3 O-O 24. Re3 Nb8 25. Qe2 Nxa6 26. Qxa6 Rc8 27. Qa4
Bc6 28. Qb3 Qb7 29. Rd4 Qa6 30. b5 Bxb5 31. a4 Bd7 32. Be1 Qf1 33. Rd1 Qxg2 34.
a5 Nc4 0-1

[Event "Superettan(Burgsvik-Vasteras II)"]
[Site "?"]
[Date "2023.01.22"]
[Round "5"]
[White "Gajic, Zoran"]
[Black "Fraenkel, Mikael"]
[Result "1-0"]
[WhiteElo "1939"]
[BlackElo "1940"]
[PlyCount "65"]
[SourceVersionDate "2023.02.11"]

1. d4 d5 2. Nc3 g6 3. Bf4 Bg7 4. e3 Nf6 5. Be2 O-O 6. h4 h5 7. Nf3 c5 8. Nb5
Na6 9. c3 Ne4 10. Ne5 cxd4 11. exd4 Qb6 12. f3 Nd6 13. Nxd6 exd6 14. Nd3 Re8
15. Qd2 Qd8 16. O-O-O Nc7 17. g4 Ne6 18. Be3 f5 19. gxf5 Nf8 20. Bg5 Qa5 21. f6
Bh8 22. Nb4 Bf5 23. Bd3 Bxd3 24. Qxd3 Kf7 25. f4 Re4 26. f5 Rae8 27. Qf3 Rg4
28. Rde1 Ree4 29. fxg6+ Nxg6 30. Qf5 Nf8 31. Rxe4 Rxe4 32. Bh6 Ng6 33. Qd7+ 1-0

[Event "Superettan(Orebro-Kamraterna)"]
[Site "?"]
[Date "2023.01.22"]
[Round "5"]
[White "Madebrink, Lars"]
[Black "Ivraeus, Love"]
[Result "0-1"]
[WhiteElo "2138"]
[BlackElo "2053"]
[PlyCount "68"]
[SourceVersionDate "2023.02.12"]

1. d4 f5 2. g3 Nf6 3. Bg2 e6 4. Nf3 d5 5. O-O Bd6 6. c4 c6 7. b3 O-O 8. Ba3 b6
9. Bxd6 Qxd6 10. Nbd2 Nbd7 11. Rc1 Bb7 12. Qc2 Rac8 13. Qb2 Ne4 14. e3 h6 15.
Rfd1 g5 16. Ne5 Nxe5 17. dxe5 Qe7 18. f3 Nc5 19. Qc3 f4 20. b4 fxe3 21. Qxe3
Nd7 22. a3 c5 23. cxd5 exd5 24. bxc5 Qxe5 25. Qxe5 Nxe5 26. cxb6 axb6 27. Rb1
Rf6 28. Re1 Nc4 29. Nb3 Nxa3 30. Rbd1 Nc2 31. Re7 Rf7 32. Re6 Rc3 33. Rxb6 Ne3
34. Rd2 Nc4 0-1

[Event "Superettan(Burgsvik-Vasteras II)"]
[Site "?"]
[Date "2023.01.22"]
[Round "5"]
[White "Persson, Mats"]
[Black "Bjorkman, Filip"]
[Result "1-0"]
[WhiteElo "2323"]
[BlackElo "2040"]
[PlyCount "99"]
[SourceVersionDate "2023.02.11"]

1. e4 c5 2. Nf3 Nc6 3. Bb5 g6 4. Bxc6 dxc6 5. d3 Bg7 6. h3 Nf6 7. Nc3 Nd7 8.
Be3 b6 9. Qd2 h5 10. Ng5 Nf8 11. f4 Ne6 12. Nf3 Nd4 13. O-O Nxf3+ 14. Rxf3 Bd4
15. Re1 Bxe3+ 16. Rexe3 Qd4 17. b3 Bd7 18. Ne2 Qb2 19. Nc3 O-O-O 20. Rf1 Qa3
21. f5 e5 22. fxg6 fxg6 23. Rg3 Rhg8 24. Rf6 g5 25. Rxg5 Rxg5 26. Qxg5 Re8 27.
Kh2 Qa5 28. Qd2 Rg8 29. Rf7 Qb4 30. Rh7 Qd4 31. Rxh5 Rf8 32. Nd1 Rf1 33. Ne3
Rf4 34. c3 Qd6 35. Qe2 Qf6 36. Kg1 Be6 37. g3 Qg7 38. Kg2 Rf6 39. Nf5 Qd7 40.
Ne3 b5 41. g4 Qd6 42. Nf5 Qd7 43. Ne3 Qd6 44. Rh7 Bd7 45. Nf5 Qf8 46. Qf2 Bxf5
47. exf5 Qd6 48. Qf3 a5 49. g5 Rf8 50. Rh6 1-0

[Event "Superettan(Orebro-Kamraterna)"]
[Site "?"]
[Date "2023.01.22"]
[Round "5"]
[White "Drugge, Patrick"]
[Black "Svenn, Matti"]
[Result "1/2-1/2"]
[WhiteElo "2206"]
[BlackElo "2170"]
[PlyCount "43"]
[SourceVersionDate "2023.02.12"]

1. e4 Nf6 2. e5 Nd5 3. c4 Nb6 4. d4 d6 5. exd6 exd6 6. Nc3 Nc6 7. Be3 Bf5 8.
Nf3 Be7 9. Rc1 O-O 10. Be2 d5 11. b3 Ba3 12. Rc2 Bxc2 13. Qxc2 Re8 14. c5 Nd7
15. Nb1 Bb4+ 16. Kf1 Nxc5 17. dxc5 d4 18. Bd2 Qe7 19. Bc4 h6 20. Qf5 Bxd2 21.
Nbxd2 d3 22. g4 1/2-1/2

[Event "Superettan(Burgsvik-Vasteras II)"]
[Site "?"]
[Date "2023.01.22"]
[Round "5"]
[White "Kruuse, Peter"]
[Black "Hakansson, Rustan"]
[Result "0-1"]
[WhiteElo "1858"]
[BlackElo "1928"]
[PlyCount "88"]
[SourceVersionDate "2023.02.11"]

1. e4 Nf6 2. e5 Nd5 3. d4 d6 4. Nf3 Bg4 5. Be2 e6 6. h3 Bh5 7. O-O Be7 8. Nbd2
O-O 9. Ne4 Bg6 10. Ng3 Nb4 11. exd6 cxd6 12. Ne1 Nd7 13. Bf3 d5 14. c3 Nc6 15.
Nd3 h6 16. Re1 Bd6 17. Bf4 Bxf4 18. Nxf4 Bh7 19. Qe2 Nf6 20. Nd3 Qb6 21. Ne5
Nxe5 22. dxe5 Nd7 23. Rad1 Rac8 24. Rd4 Nc5 25. Rg4 Nd3 26. Nh5 Bg6 27. Nxg7
Nxe1 28. Nh5 Nxf3+ 29. Qxf3 Qd8 30. Nf6+ Kg7 31. h4 Rc4 32. h5 Rxg4 33. Qxg4
Qe7 34. hxg6 fxg6 35. Qd4 b6 36. Qf4 Rc8 37. Qg4 Qf7 38. Qb4 Rd8 39. f4 Qc7 40.
Kh2 Kf7 41. Qa4 a5 42. Qb5 Rc8 43. Qd3 Qc4 44. Qh3 Qxf4+ 0-1

[Event "Superettan(Orebro-Kamraterna)"]
[Site "?"]
[Date "2023.01.22"]
[Round "5"]
[White "Borvander, Tom"]
[Black "Skoog, Daniel"]
[Result "1-0"]
[WhiteElo "2048"]
[BlackElo "2043"]
[PlyCount "85"]
[SourceVersionDate "2023.02.12"]

1. d4 d5 2. c4 c6 3. Nf3 Nf6 4. Qc2 g6 5. Bf4 Bg7 6. e3 O-O 7. Nc3 a6 8. h3 Bf5
9. Qb3 b5 10. cxb5 cxb5 11. Be2 Nc6 12. O-O Na5 13. Qd1 Nc4 14. g4 Be6 15. b3
Nd6 16. Ne5 Nfe4 17. Rc1 f6 18. Nd3 Bf7 19. Nxe4 Nxe4 20. Bf3 Re8 21. Bxe4 dxe4
22. Nc5 Qd5 23. Qc2 Rec8 24. Rfd1 g5 25. Bg3 Bg6 26. Qe2 Rc6 27. b4 Rac8 28.
Ra1 Ra8 29. a4 bxa4 30. Rxa4 Rb6 31. Rxa6 Rxb4 32. Rda1 Rxa6 33. Qxa6 h5 34.
Qc8+ Kh7 35. Qc7 h4 36. Bh2 Bf8 37. Nd7 Bg7 38. Qd8 Qb5 39. Qxe7 Rb1+ 40. Rxb1
Qxb1+ 41. Kg2 Qd1 42. Nxf6+ Kh6 43. Nxe4 1-0

[Event "Superettan(Burgsvik-Vasteras II)"]
[Site "?"]
[Date "2023.01.22"]
[Round "5"]
[White "Andersson, Bjorn"]
[Black "Granath, Jonas"]
[Result "1-0"]
[WhiteElo "2172"]
[BlackElo "1887"]
[PlyCount "73"]
[SourceVersionDate "2023.02.11"]

1. e4 e5 2. Nf3 Nc6 3. d4 exd4 4. Bb5 Bc5 5. O-O Nge7 6. Ng5 d6 7. Qh5 g6 8.
Qh4 Ng8 9. Re1 Bd7 10. f4 d3+ 11. Kh1 Nd4 12. Bxd3 Ne6 13. f5 Ng7 14. Bc4 Qf6
15. Bxf7+ Kf8 16. Bxg6 h6 17. e5 Nxf5 18. Qh5 dxe5 19. Nh7+ Rxh7 20. Bxh7 Kg7
21. Bxf5 Bxf5 22. Nc3 Rf8 23. Qe2 Bxc2 24. Be3 Bxe3 25. Qxe3 Re8 26. Rac1 Bg6
27. Nd5 Qd6 28. Nxc7 Re7 29. Nb5 Qb4 30. Nxa7 Qxb2 31. Nc8 Re8 32. Nd6 Re7 33.
Qg3 Kh7 34. Nc4 Qxa2 35. Nxe5 Rg7 36. Nxg6 Rxg6 37. Rc7+ 1-0

[Event "Superettan(Orebro-Kamraterna)"]
[Site "?"]
[Date "2023.01.22"]
[Round "5"]
[White "Horbing, Stefan"]
[Black "Al Waeli, Laith"]
[Result "1-0"]
[WhiteElo "2090"]
[BlackElo "2084"]
[PlyCount "57"]
[SourceVersionDate "2023.02.12"]

1. e4 e6 2. d4 d5 3. Nc3 dxe4 4. Nxe4 Nd7 5. Nf3 Ngf6 6. Bg5 h6 7. Bxf6 Nxf6 8.
Bd3 Nxe4 9. Bxe4 c5 10. Qe2 Qa5+ 11. c3 cxd4 12. Nxd4 Be7 13. O-O O-O 14. Rfd1
Rb8 15. Rd3 f5 16. Bf3 Rf6 17. Nb5 a6 18. Nd6 Kh8 19. h4 Qb6 20. Qe5 Ra8 21.
Ne8 Rf7 22. Bh5 Bf6 23. Qg3 Rf8 24. Rad1 e5 25. Rd6 Qa7 26. Qg6 b5 27. Rxf6
gxf6 28. Qxh6+ Kg8 29. Rd8 1-0

[Event "Superettan(SS 4 Springare-Lulea)"]
[Site "?"]
[Date "2023.01.22"]
[Round "5"]
[White "Martirosyan, Haik M"]
[Black "Sivuk, Vitalii"]
[Result "1-0"]
[WhiteElo "2682"]
[BlackElo "2527"]
[PlyCount "105"]
[EventDate "2023.??.??"]
[SourceVersionDate "2023.02.11"]

1. d4 Nf6 2. c4 e6 3. Bg5 h6 4. Bh4 Be7 5. Nc3 d5 6. e3 O-O 7. Nf3 Nbd7 8. Qc2
c5 9. dxc5 dxc4 10. c6 Nb6 11. Be2 bxc6 12. Ne5 Bb7 13. Nxc4 Nxc4 14. Bxc4 Nd5
15. Bxe7 Qxe7 16. O-O Rfd8 17. Rfd1 c5 18. Bf1 Nb6 19. Qb3 Qh4 20. Rac1 Qb4 21.
Qc2 c4 22. Rd2 Rab8 23. Rcd1 Rxd2 24. Rxd2 Bc6 25. Rd4 e5 26. Rd2 g6 27. h4 h5
28. g3 Kg7 29. Bg2 Qc5 30. Bxc6 Qxc6 31. Qd1 Rc8 32. Rd6 Qb7 33. a4 Rc5 34. Rd8
Qe7 35. Rb8 Rc8 36. Rxc8 Nxc8 37. Qd5 Nd6 38. Qc5 a6 39. Qa5 Nf5 40. Qxa6 g5
41. hxg5 Qxg5 42. Ne4 Qd8 43. a5 h4 44. Qf6+ Qxf6 45. Nxf6 Ne7 46. a6 Nc6 47.
Ne8+ Kf8 48. Nd6 hxg3 49. fxg3 Na7 50. Nxc4 f6 51. Kg2 Ke7 52. g4 Ke6 53. e4
1-0

[Event "Superettan(Upsala-Rockaden, Sthlm II)"]
[Site "?"]
[Date "2023.01.22"]
[Round "5"]
[White "Crevatin, Leo"]
[Black "Sirin, Atakan"]
[Result "1/2-1/2"]
[WhiteElo "2313"]
[BlackElo "2332"]
[PlyCount "115"]
[SourceVersionDate "2023.02.11"]

1. d4 d5 2. c4 e6 3. Nc3 Be7 4. cxd5 exd5 5. Bf4 c6 6. e3 Qb6 7. Qd2 Bf5 8.
Nge2 Nd7 9. Ng3 Bg6 10. h4 h5 11. Bd3 Bxd3 12. Qxd3 g6 13. Nge2 Ngf6 14. f3 a5
15. Kf2 a4 16. Rab1 Qa6 17. Qc2 b5 18. a3 Nb6 19. Nc1 Nc4 20. Nd3 Nd7 21. Na2
Qb6 22. Nab4 Bf6 23. Rbd1 Kf8 24. Rde1 Re8 25. Bg5 Bg7 26. Re2 Kg8 27. Rhe1 Nf8
28. Nc5 Qc7 29. Bf4 Qc8 30. Rh1 Kh7 31. Bg5 Kg8 32. Bf4 Kh7 33. Bg5 Ne6 34.
Nxe6 Rxe6 35. Nd3 Rhe8 36. Rhe1 Kg8 37. Nc5 Rd6 38. Kg1 Kh7 39. Nd3 Qf5 40. Qd1
f6 41. Bf4 Rde6 42. Nc5 R6e7 43. Qd3 Qxd3 44. Nxd3 f5 45. Kf2 Kg8 46. Rc2 Re6
47. Rce2 Kf7 48. Nc5 R6e7 49. Rd1 Bf6 50. g3 Kg7 51. Rde1 Kf7 52. Bg5 Ra7 53.
Bxf6 Kxf6 54. Nd3 Rae7 55. Nb4 Re6 56. Nd3 R6e7 57. Nb4 Re6 58. Nd3 1/2-1/2

[Event "Superettan(Orgryte-Vaxjo)"]
[Site "?"]
[Date "2023.01.22"]
[Round "5"]
[White "Solodovnichenko, Yuri"]
[Black "Abdrlauf, Elham"]
[Result "1/2-1/2"]
[WhiteElo "2514"]
[BlackElo "2518"]
[PlyCount "136"]
[SourceVersionDate "2023.02.12"]

1. e4 c5 2. Nc3 Nc6 3. Nge2 e6 4. d4 cxd4 5. Nxd4 Qc7 6. Be3 a6 7. Be2 Nf6 8.
a3 Be7 9. f4 d6 10. O-O O-O 11. Kh1 Nxd4 12. Qxd4 e5 13. Qd3 b5 14. Rad1 Bb7
15. Nd5 Bxd5 16. exd5 Nd7 17. c4 Rab8 18. b4 Bf6 19. Rc1 bxc4 20. Rxc4 Qd8 21.
Rc6 exf4 22. Bxf4 Be5 23. Rxd6 Bxf4 24. Rxf4 Qc7 25. Rh4 g6 26. Rc6 Qe5 27. Rd4
Rfe8 28. Bf1 Qe1 29. Qd1 Qe3 30. Rd3 Qe4 31. Rc7 Rbd8 32. d6 Re6 33. h3 Qh4 34.
g3 Qf6 35. Rd4 Qf2 36. Rf4 Qxg3 37. Qf3 Qxf3+ 38. Rxf3 Ne5 39. Re3 Rdxd6 40.
Ra7 Kg7 41. Kg2 h5 42. a4 Rd2+ 43. Be2 Rb2 44. Rb7 Kf6 45. Kg3 Rd6 46. b5 axb5
47. Rxb5 Rxb5 48. Bxb5 Rd2 49. Re2 Rd1 50. Ra2 Rd5 51. Rb2 Rc5 52. Kg2 Rc3 53.
Ra2 Rc5 54. Rb2 Nc6 55. Bxc6 Rxc6 56. a5 Ke6 57. Ra2 Ra6 58. h4 Kd5 59. Kf3 Kc5
60. Kf4 Kc6 61. Kg5 Kb7 62. Rf2 Rxa5+ 63. Kh6 Rf5 64. Rxf5 gxf5 65. Kg5 Kc6 66.
Kxf5 Kd5 67. Kg5 Ke4 68. Kxh5 f5 1/2-1/2

[Event "Superettan(SS 4 Springare-Lulea)"]
[Site "?"]
[Date "2023.01.22"]
[Round "5"]
[White "Galperin, Platon"]
[Black "Ernst, Thomas"]
[Result "1-0"]
[WhiteElo "2534"]
[BlackElo "2273"]
[PlyCount "77"]
[SourceVersionDate "2023.02.11"]

1. d4 Nf6 2. c4 g6 3. Nc3 d5 4. h4 c5 5. cxd5 Nxd5 6. Na4 cxd4 7. Qxd4 Nf6 8.
Qxd8+ Kxd8 9. g3 Nc6 10. Bf4 e5 11. Bg5 Be7 12. Rd1+ Kc7 13. Nc3 Be6 14. Bh3
Rad8 15. Bxe6 Rxd1+ 16. Kxd1 fxe6 17. Bxf6 Bxf6 18. Ne4 Be7 19. e3 Nb4 20. Nf3
Nxa2 21. Ke2 Nb4 22. Nxe5 Rg8 23. Ng5 h5 24. Rc1+ Nc6 25. Nxe6+ Kd6 26. Nxc6
bxc6 27. Nc5 Rb8 28. Nd3 a5 29. Rc4 Bf6 30. Ra4 Rb5 31. b4 axb4 32. Nxb4 c5 33.
Ra6+ Kd7 34. Nd5 Bd8 35. Rxg6 c4 36. e4 Rb2+ 37. Ke3 Rb3+ 38. Kd4 Rf3 39. e5
1-0